USA States Map Quiz - Statistics

General Stats
  • This quiz has been taken 188 times
  • The average score is 43 of 50
Answers on the Map
Answers color-coded by a green-red scale on the quiz's map according to % correct below.
 
Answer Stats
State % Correct
California
97%
Alaska
95%
Texas
94%
Washington
94%
Florida
93%
Alabama
92%
Arizona
92%
Nevada
92%
New York
92%
Hawaii
90%
North Carolina
90%
North Dakota
90%
Ohio
90%
South Dakota
90%
Utah
89%
Colorado
88%
Kansas
88%
Mississippi
88%
New Mexico
88%
South Carolina
88%
Georgia
87%
Maine
87%
Oregon
86%
Wyoming
86%
Arkansas
85%
Idaho
85%
Indiana
85%
Kentucky
85%
Massachusetts
85%
Illinois
84%
Maryland
84%
Michigan
84%
Montana
84%
Louisiana
83%
New Jersey
83%
Rhode Island
83%
Virginia
83%
West Virginia
83%
Pennsylvania
82%
Oklahoma
81%
Missouri
80%
Wisconsin
80%
Tennessee
79%
Delaware
78%
Minnesota
78%
Connecticut
77%
Nebraska
77%
New Hampshire
77%
Vermont
77%
Iowa
75%
No matching quizzes found
Score Distribution
Percent of People with Each Score
Percentile by Number Answered
Your Score History
You have not taken this quiz